000 02096cam a22006254i 4500
003 PE-LiUPU
005 20250731170452.0
008 110528s2005 sp a rb 000 0 spa d
020 _a8497323939
020 _a9788497323932
035 _a(Sirsi) i9788497323932
040 _aPE-LiUPU
_bspa
_cPE-LiUPU
_erda
049 _aPRUA
082 0 4 _a153.1526
_bA43
_222
100 1 _aAlloway, Tom,
_eautor.
245 _aSniffy:
_bla rata virtual :
_bPro versión 2.0 /
_cTom Alloway, Greg Wilson, Jeff Graham.
264 1 _aMadrid :
_bThomson,
_c2005.
300 _a279 páginas :
_bilustraciones ;
_c24 centímetros
336 _atext
_2rdacontent
337 _aunmediated
_2rdamedia
338 _avolume
_2rdacarrier
504 _aIncluye bibliografía.
505 0 _aIntroducción a Sniffy -- Introducción al acondicionamiento clásico -- Fenómenos básicos del condicionamiento clásico: adquisición, extinción, recuperación espontánea y efectos de la intensidad del estímulo -- Condicionamiento compuesto.
526 _aSEG68
526 _aSEG70
526 _aSEG69
526 _aSEG67
526 _aSEG43
526 _aP144
526 _aP143
526 _aP131
526 _aP122
526 _aP120
526 _aP117
526 _aP112
526 _aP110
526 _aP106
526 _aP101
526 _aP80
526 _aP59
526 _aP54
526 _aP35
526 _aP33
526 _aP30
650 1 4 _aAprendizaje
_xProceso de datos.
700 1 _aWilson, Greg,
_eautor.
700 1 _aGraham, Jeff,
_eautor.
910 _agl
_bjv
_clch
_d20110608
942 _2ddc
_cBOOK
949 _a159.953.5:004.4 A47
_i62996
_lCCODEBUL1
_mBUL
_tLIBRO
_o.STAFF. Colección Ciencias de la Salud
994 _aC0
_bPEPRU
596 _a1
999 _a153.1526 A43
_wDEWEY
_c52014
_i62996
_d52014
_e2016-4-18
_f2021-11-3
_g7
_lCCODEBUL1
_mBUL
_n2
_p59.00
_q1
_r0
_sY
_tBOOK
_u2015-7-6
_xSALUD
_zUNKNOWN
_0COMPRA
_o.STAFF. Colección Ciencias de la Salud
980 _81
_gALBERTO SANCHEZ Responsable de Automatización